[Event "Oberliga Baden 1011"]
[Site "Baden"]
[Date "2010.11.14"]
[Round "3.2"]
[White "Gerstner, Wolfgang"]
[Black "Genzling, Alain"]
[Result "1/2-1/2"]
[WhiteElo "2405"]
[BlackElo "2379"]
[PlyCount "32"]
[EventDate "2010.10.10"]
[EventType "team-tourn"]
[EventRounds "9"]
[EventCountry "GER"]
[SourceTitle "EXT 2012"]
[Source "ChessBase"]
[SourceDate "2011.11.24"]
[SourceVersion "1"]
[SourceVersionDate "2011.11.24"]
[SourceQuality "1"]
[WhiteTeam "Karlsruhe"]
[BlackTeam "Baden-Baden III"]
[WhiteTeamCountry "GER"]
[BlackTeamCountry "GER"]

1. d4 Nf6 2. Bg5 c5 3. Bxf6 gxf6 4. d5 Qb6 5. Qc1 f5 6. c4 d6 7. Nc3 Nd7 8. e3 Ne5 9. Qc2 Bg7 10. Be2 Bd7 11. Nh3 Ng6 12. 0-0 e5 13. f4 e4 14. Rab1 h5 15. Kh1 h4 16. Rfc1 a5 1/2-1/2

[Event "Oberliga Baden 0910"]
[Site "Germany"]
[Date "2009.11.15"]
[Round "2.2"]
[White "Gasthofer, Alexander"]
[Black "Gerstner, Wolfgang"]
[Result "1-0"]
[WhiteElo "2458"]
[BlackElo "2404"]
[PlyCount "77"]
[EventDate "2009.10.18"]
[EventType "team-tourn"]
[EventRounds "9"]
[EventCountry "GER"]
[SourceTitle "EXT 2011"]
[Source "ChessBase"]
[SourceDate "2010.11.26"]
[SourceVersion "1"]
[SourceVersionDate "2010.11.26"]
[SourceQuality "1"]
[WhiteTeam "Hockenheim"]
[BlackTeam "Karlsruhe"]
[WhiteTeamCountry "GER"]
[BlackTeamCountry "GER"]

1. Nf3 Nf6 2. d4 d5 3. e3 c5 4. Bd3 Nc6 5. b3 Bg4 6. Bb2 cxd4 7. exd4 Qa5+ 8. Qd2 Bxf3 9. Qxa5 Nxa5 10. gxf3 e6 11. Nd2 Rc8 12. 0-0 Bd6 13. Rfd1 0-0 14. c4 dxc4 15. Nxc4 Bc7 16. Nxa5 Bxa5 17. Rac1 Rxc1 18. Rxc1 Rd8 19. Ba3 Nd5 20. Be4 f5 21. Bxd5 Rxd5 22. Rc8+ Rd8 23. Rxd8+ Bxd8 24. Bd6 Bf6 25. Be5 Bxe5 26. dxe5 f4 27. Kf1 Kf7 28. Ke2 Kg6 29. Kd3 Kf5 30. Kd4 g6 31. b4 g5 32. a4 b6 33. Kc4 a6 34. Kd4 h6 35. a5 bxa5 36. bxa5 h5 37. h3 h4 38. Kc4 Kxe5 39. Kc5 1-0

[Event "BL2-Sued 0708"]
[Site "Germany"]
[Date "2008.01.20"]
[Round "5.3"]
[White "Gerstner, Wolfgang"]
[Black "Trachtmann, Mark"]
[Result "1-0"]
[WhiteElo "2407"]
[BlackElo "2339"]
[PlyCount "87"]
[EventDate "2007.10.21"]
[EventType "team-tourn"]
[EventRounds "9"]
[EventCountry "GER"]
[SourceTitle "EXT 2009"]
[Source "ChessBase"]
[SourceDate "2008.11.26"]
[SourceVersion "1"]
[SourceVersionDate "2008.11.26"]
[SourceQuality "1"]
[WhiteTeam "Karlsruhe"]
[BlackTeam "Schmiden Cannstatt"]
[WhiteTeamCountry "GER"]
[BlackTeamCountry "GER"]

1. d4 g6 2. e4 Bg7 3. Nc3 d6 4. Be3 c6 5. a4 Nd7 6. Nf3 Qa5 7. Be2 Ngf6 8. 0-0 0-0 9. h3 e5 10. dxe5 dxe5 11. Nd2 Qb4 12. Nc4 b6 13. Qd6 Qxd6 14. Nxd6 a5 15. Rfd1 Ba6 16. Bxa6 Rxa6 17. g4 h6 18. Rd3 Rb8 19. f3 Nf8 20. Nc4 Ne8 21. Ne2 Ne6 22. h4 Rb7 23. Kf2 Kf8 24. Ng3 Nd4 25. Bxd4 exd4 26. f4 b5 27. axb5 cxb5 28. Nxa5 Rc7 29. Rd2 Nd6 30. Nb3 Rxa1 31. Nxa1 Nc4 32. Rd3 Nxb2 33. Rb3 Na4 34. e5 Nc3 35. Ra3 f6 36. e6 f5 37. gxf5 Ke7 38. fxg6 Kxe6 39. Ra6+ Kd5 40. Kf3 Nd1 41. Nf5 h5 42. Rd6+ Kc4 43. Nb3 Ne3 44. Nxg7 1-0

[Event "BL2-Sued 0607"]
[Site "Germany"]
[Date "2007.02.25"]
[Round "6.2"]
[White "Gasthofer, Alexander"]
[Black "Gerstner, Wolfgang"]
[Result "1/2-1/2"]
[WhiteElo "2450"]
[BlackElo "2410"]
[PlyCount "36"]
[EventDate "2006.10.15"]
[EventType "team-tourn"]
[EventRounds "9"]
[EventCountry "GER"]
[SourceTitle "EXT 2008"]
[Source "ChessBase"]
[SourceDate "2007.11.25"]
[SourceVersion "1"]
[SourceVersionDate "2007.11.25"]
[SourceQuality "1"]
[WhiteTeam "Bad Mergentheim"]
[BlackTeam "Karlsruhe"]
[WhiteTeamCountry "GER"]
[BlackTeamCountry "GER"]

1. Nf3 d5 2. g3 Nf6 3. Bg2 c6 4. 0-0 Bf5 5. d3 e6 6. Nbd2 h6 7. Qe1 Bc5 8. e4 Bh7 9. Qe2 0-0 10. b3 a5 11. a3 Nbd7 12. Bb2 b5 13. h3 Qe7 14. Nh2 Rfd8 15. Rfe1 Ra7 16. Ng4 Nxg4 17. Qxg4 Nf6 18. Qe2 dxe4 1/2-1/2

[Event "BL2-Sued 0506"]
[Site "Germany"]
[Date "2005.11.27"]
[Round "3.1"]
[White "Gerstner, Wolfgang"]
[Black "Jaracz, Pawel"]
[Result "1/2-1/2"]
[WhiteElo "2407"]
[BlackElo "2492"]
[PlyCount "42"]
[EventDate "2005.10.23"]
[EventType "team-tourn"]
[EventRounds "9"]
[EventCountry "GER"]
[SourceTitle "EXT 2007"]
[Source "ChessBase"]
[SourceDate "2006.11.23"]
[SourceVersion "1"]
[SourceVersionDate "2006.11.23"]
[SourceQuality "1"]
[WhiteTeam "Karlsruhe"]
[BlackTeam "Trier"]
[WhiteTeamCountry "GER"]
[BlackTeamCountry "GER"]

1. d4 Nf6 2. Bg5 e6 3. e4 h6 4. Bxf6 Qxf6 5. c3 d6 6. Bd3 e5 7. Ne2 Qd8 8. 0-0 Be7 9. f4 0-0 10. Nd2 c5 11. fxe5 dxe5 12. d5 Nd7 13. a4 Qc7 14. Kh1 Nf6 15. Nc4 Ne8 16. Ng3 Bd7 17. Qh5 Bg5 18. Nf5 Bxf5 19. Rxf5 Nd6 20. Nxd6 Qxd6 21. Rf2 g6 1/2-1/2

[Event "BL2-Sued 0304"]
[Site "Germany"]
[Date "2004.??.??"]
[Round "?.1"]
[White "Gerstner, Wolfgang"]
[Black "Acs, Peter"]
[Result "1/2-1/2"]
[WhiteElo "2380"]
[BlackElo "2605"]
[PlyCount "120"]
[EventDate "2003.10.??"]
[EventType "team-tourn"]
[EventRounds "9"]
[EventCountry "GER"]
[SourceTitle "CBM 100 Extra"]
[Source "ChessBase"]
[SourceDate "2004.07.06"]
[SourceVersion "2"]
[SourceVersionDate "2004.07.06"]
[SourceQuality "1"]
[WhiteTeam "Karlsruhe"]
[BlackTeam "Eppingen"]
[WhiteTeamCountry "GER"]
[BlackTeamCountry "GER"]

1. d4 Nf6 2. Bg5 c5 3. Bxf6 gxf6 4. d5 Qb6 5. Qc1 f5 6. c4 Bg7 7. Nc3 d6 8. e3 Nd7 9. Qc2 Ne5 10. Be2 h5 11. Rb1 Bd7 12. Nh3 h4 13. 0-0 Qc7 14. a3 a6 15. Nf4 Rb8 16. Nh5 Bf8 17. b3 Ng4 18. Nf4 Bg7 19. h3 Nf6 20. Bd3 Qc6 21. b4 0-0 22. Na4 b5 23. cxb5 c4 24. Be2 axb5 25. Nc3 Ra8 26. a4 bxa4 27. b5 a3 28. Rb4 Ne4 29. Na2 Qb7 30. Rxc4 Rfc8 31. Rc6 e6 32. Rb1 Rab8 33. Bd3 Nc5 34. Rxc8+ Rxc8 35. dxe6 fxe6 36. Qe2 Be5 37. Rb4 Bf6 38. Qh5 Be8 39. Qd1 Nxd3 40. Qxd3 d5 41. Nxe6 Rc4 42. Rb3 Qf7 43. Qxd5 Re4 44. Nc7 Be5 45. f3 Qxd5 46. Nxd5 Rc4 47. f4 Bd6 48. Nf6+ Kf7 49. Nxe8 Kxe8 50. b6 Rc8 51. b7 Rb8 52. g4 hxg3 53. Kg2 Kd7 54. Kxg3 Kc7 55. Kf3 Rxb7 56. Rxb7+ Kxb7 57. h4 Kc6 58. e4 fxe4+ 59. Kxe4 Kd7 60. h5 Ke6 1/2-1/2

[Event "BL2-Sued 0304"]
[Site "Germany"]
[Date "2004.??.??"]
[Round "?.3"]
[White "Gerstner, Wolfgang"]
[Black "Roos, Jean Luc"]
[Result "1-0"]
[WhiteElo "2380"]
[BlackElo "2315"]
[PlyCount "65"]
[EventDate "2003.10.??"]
[EventType "team-tourn"]
[EventRounds "9"]
[EventCountry "GER"]
[SourceTitle "CBM 100 Extra"]
[Source "ChessBase"]
[SourceDate "2004.07.06"]
[SourceVersion "2"]
[SourceVersionDate "2004.07.06"]
[SourceQuality "1"]
[WhiteTeam "Karlsruhe"]
[BlackTeam "Heidelberg"]
[WhiteTeamCountry "GER"]
[BlackTeamCountry "GER"]

1. Nf3 e6 2. c4 Nf6 3. d4 b6 4. Nc3 Bb7 5. Bg5 Be7 6. Qc2 d5 7. cxd5 exd5 8. e3 0-0 9. Bd3 Nbd7 10. 0-0 c5 11. Bf5 g6 12. Bh3 Ne4 13. Bh6 Re8 14. dxc5 Ndxc5 15. Rfd1 Nxc3 16. Qxc3 Bf6 17. Qc2 Qe7 18. Rac1 Ne6 19. Qd2 Rac8 20. Rxc8 Rxc8 21. Nd4 Rc4 22. b3 Rc5 23. g3 Rc8 24. Bg4 Rd8 25. h4 Qe8 26. Bf3 Qe7 27. Kg2 Bc8 28. Nc6 Qd7 29. Nxd8 Nxd8 30. Qxd5 Qe8 31. Qd6 Ne6 32. Bc6 Qe7 33. Qb8 1-0

[Event "BL2-Sued 0304"]
[Site "Germany"]
[Date "2004.??.??"]
[Round "?.3"]
[White "Tompa, Janos"]
[Black "Gerstner, Wolfgang"]
[Result "1/2-1/2"]
[WhiteElo "2395"]
[BlackElo "2380"]
[PlyCount "37"]
[EventDate "2003.10.??"]
[EventType "team-tourn"]
[EventRounds "9"]
[EventCountry "GER"]
[SourceTitle "CBM 100 Extra"]
[Source "ChessBase"]
[SourceDate "2004.07.06"]
[SourceVersion "2"]
[SourceVersionDate "2004.07.06"]
[SourceQuality "1"]
[WhiteTeam "Kirchheim"]
[BlackTeam "Karlsruhe"]
[WhiteTeamCountry "GER"]
[BlackTeamCountry "GER"]

1. e4 c5 2. Nf3 e6 3. d4 cxd4 4. Nxd4 a6 5. Bd3 Nc6 6. Be3 Nf6 7. 0-0 Qc7 8. Nc3 b5 9. Nxc6 Qxc6 10. a3 Bb7 11. Qe2 Be7 12. f4 0-0 13. Rad1 b4 14. axb4 Bxb4 15. Nb1 Bc5 16. Bxc5 Qxc5+ 17. Kh1 d5 18. e5 Ne4 19. Nd2 1/2-1/2

[Event "BL2-Sued 0203"]
[Site "Germany"]
[Date "2003.01.26"]
[Round "5.4"]
[White "Vonthron, Horst"]
[Black "Gerstner, Wolfgang"]
[Result "1/2-1/2"]
[WhiteElo "2351"]
[BlackElo "2374"]
[PlyCount "86"]
[EventDate "2002.10.20"]
[EventType "team-tourn"]
[EventRounds "9"]
[EventCountry "GER"]
[SourceTitle "EXT 2004"]
[Source "ChessBase"]
[SourceDate "2003.11.25"]
[SourceVersion "1"]
[SourceVersionDate "2003.11.25"]
[SourceQuality "1"]
[WhiteTeam "Kirchheim"]
[BlackTeam "Karlsruhe"]
[WhiteTeamCountry "GER"]
[BlackTeamCountry "GER"]

1. e4 c5 2. Nc3 e6 3. f4 d5 4. Nf3 dxe4 5. Nxe4 Nf6 6. Bb5+ Bd7 7. Qe2 Nxe4 8. Bxd7+ Qxd7 9. Qxe4 Nc6 10. d3 Nd4 11. Nxd4 cxd4 12. f5 Bb4+ 13. c3 Ba5 14. b4 Bc7 15. c4 0-0-0 16. fxe6 Qd6 17. c5 Qxe6 18. Qxe6+ fxe6 19. 0-0 Rhf8 20. Bg5 Rde8 21. Rxf8 Rxf8 22. Re1 Kd7 23. Re4 e5 24. Bd2 Kc6 25. Rh4 h6 26. Rg4 Rf7 27. a4 Kd5 28. g3 Bd8 29. Kg2 a5 30. bxa5 Kxc5 31. Re4 Kd5 32. Re1 Rc7 33. Kh3 Rc2 34. Bb4 h5 35. Rb1 g5 36. g4 hxg4+ 37. Kxg4 Rxh2 38. Be1 Re2 39. Rxb7 Rxe1 40. Rd7+ Kc6 41. Rxd8 Kb7 42. Kxg5 Re3 43. Kf5 Rxd3 1/2-1/2

[Event "BL2-Sued 0304"]
[Site "Germany"]
[Date "2003.??.??"]
[Round "?.3"]
[White "Tuncer, Ufuk"]
[Black "Gerstner, Wolfgang"]
[Result "0-1"]
[WhiteElo "2315"]
[BlackElo "2380"]
[PlyCount "78"]
[EventDate "2003.10.??"]
[EventType "team-tourn"]
[EventRounds "9"]
[EventCountry "GER"]
[SourceTitle "CBM 100 Extra"]
[Source "ChessBase"]
[SourceDate "2004.07.06"]
[SourceVersion "2"]
[SourceVersionDate "2004.07.06"]
[SourceQuality "1"]
[WhiteTeam "Boeblingen"]
[BlackTeam "Karlsruhe"]
[WhiteTeamCountry "GER"]
[BlackTeamCountry "GER"]

1. Nf3 Nf6 2. d4 d5 3. c4 e6 4. Nc3 Nbd7 5. Bg5 c6 6. e3 Qa5 7. Nd2 Bb4 8. Qc2 0-0 9. Bxf6 Nxf6 10. Rc1 dxc4 11. Nxc4 Qxa2 12. Bd3 Bxc3+ 13. Qxc3 Nd5 14. Qd2 Qb3 15. e4 Nf4 16. Bf1 Ng6 17. h4 a5 18. h5 Ne7 19. Rh3 Qb4 20. Rcc3 f6 21. Rhg3 b5 22. Ne3 Ra7 23. Nc2 Qd6 24. Rcf3 e5 25. dxe5 Qxe5 26. Qd4 Qxd4 27. Nxd4 Rd8 28. Nb3 f5 29. Bd3 fxe4 30. Bxe4 Be6 31. Nc5 Bd5 32. Re3 Bxe4 33. Rxe4 Rd5 34. Ne6 Nf5 35. Rc3 Nd6 36. Re2 Nc4 37. b3 Rad7 38. f3 Ne5 39. Nc5 Rxc5 0-1

[Event "BL2-Sued 0304"]
[Site "Germany"]
[Date "2003.??.??"]
[Round "?.2"]
[White "Vidonyak, Roman"]
[Black "Gerstner, Wolfgang"]
[Result "0-1"]
[WhiteElo "2455"]
[BlackElo "2380"]
[PlyCount "57"]
[EventDate "2003.10.??"]
[EventType "team-tourn"]
[EventRounds "9"]
[EventCountry "GER"]
[SourceTitle "CBM 100 Extra"]
[Source "ChessBase"]
[SourceDate "2004.07.06"]
[SourceVersion "2"]
[SourceVersionDate "2004.07.06"]
[SourceQuality "1"]
[WhiteTeam "Viernheim"]
[BlackTeam "Karlsruhe"]
[WhiteTeamCountry "GER"]
[BlackTeamCountry "GER"]

1. d4 d5 2. Nf3 Nf6 3. c4 e6 4. Nc3 c6 5. e3 Nbd7 6. Qc2 Bd6 7. b3 0-0 8. Bb2 Re8 9. 0-0-0 dxc4 10. Bxc4 a5 11. Bd3 Qe7 12. g4 Nf8 13. Ne4 Nxe4 14. Bxe4 a4 15. Kb1 axb3 16. axb3 Ra7 17. Ne5 Bd7 18. g5 Rea8 19. Nc4 Bb4 20. Nb6 Rb8 21. Rhg1 Qd8 22. Nxd7 Qxd7 23. d5 cxd5 24. Bxh7+ Nxh7 25. g6 fxg6 26. Rxg6 b5 27. Rdg1 Bd6 28. Rh6 Nf8 29. Qc6 0-1

[Event "BL2-Sued 0001"]
[Site "Germany"]
[Date "2000.11.12"]
[Round "2.4"]
[White "Zeller, Frank"]
[Black "Gerstner, Wolfgang"]
[Result "1/2-1/2"]
[WhiteElo "2434"]
[BlackElo "2375"]
[PlyCount "158"]
[EventDate "2000.10.15"]
[EventType "team-tourn"]
[EventRounds "9"]
[EventCountry "GER"]
[SourceTitle "CBM 082 Extra"]
[Source "ChessBase"]
[SourceDate "2001.07.03"]
[SourceVersion "1"]
[SourceVersionDate "2001.07.03"]
[SourceQuality "1"]
[WhiteTeam "Stuttgart"]
[BlackTeam "Karlsruhe"]
[WhiteTeamCountry "GER"]
[BlackTeamCountry "GER"]

1. e4 c5 2. Nf3 e6 3. d4 cxd4 4. Nxd4 a6 5. Bd3 Bc5 6. c3 Nc6 7. Be3 Ba7 8. 0-0 Nge7 9. Nd2 0-0 10. Qh5 f6 11. Rad1 b5 12. Rfe1 Bb7 13. Bb1 Qc7 14. a3 Rac8 15. N2b3 Nxd4 16. Bxd4 Bxd4 17. cxd4 g6 18. Qh3 f5 19. d5 Qb6 20. dxe6 dxe6 21. Rd7 fxe4 22. Nd4 Rf7 23. Qxe6 Qxe6 24. Nxe6 Bc6 25. Rd8+ Rxd8 26. Nxd8 Rf6 27. Nxc6 Rxc6 28. Bxe4 Rd6 29. h4 Kf7 30. Bb7 Nf5 31. g3 Kf6 32. Kg2 a5 33. Rc1 Rd2 34. Rc6+ Ke7 35. Rc7+ Kf6 36. b4 axb4 37. axb4 Rb2 38. Rxh7 Rxb4 39. h5 gxh5 40. Rxh5 Nd6 41. Bd5 Rb2 42. g4 b4 43. Kg3 Rd2 44. f3 Rd3 45. Kf4 b3 46. Rh6+ Ke7 47. Rh7+ Kf8 48. Be4 Rd4 49. Ke5 Rd1 50. Rh8+ Kg7 51. Rb8 b2 52. Bc2 Nc4+ 53. Kf4 Rd2 54. Rb7+ Kf8 55. Be4 Nd6 56. Rb8+ Ke7 57. g5 Rg2 58. Bb1 Kd7 59. Rb4 Kc6 60. g6 Kc5 61. Rb8 Nb5 62. Ke5 Na3 63. Bd3 Nc4+ 64. Bxc4 Kxc4 65. f4 Kc3 66. Kf6 Rg4 67. f5 Rb4 68. Rxb4 Kxb4 69. g7 b1Q 70. g8Q Qa1+ 71. Kf7 Qa2+ 72. Kg7 Qg2+ 73. Kh8 Qh2+ 74. Qh7 Qe5+ 75. Kg8 Qb8+ 76. Kg7 Qc7+ 77. Kg6 Qg3+ 78. Kf6 Qd6+ 79. Kg7 Qc7+ 1/2-1/2

[Event "Pyramiden Franken Cup 3rd"]
[Site "Fuerth"]
[Date "2000.08.26"]
[Round "8"]
[White "Gustafsson, Jan"]
[Black "Gerstner, Wolfgang"]
[Result "1-0"]
[WhiteElo "2463"]
[BlackElo "2321"]
[PlyCount "73"]
[EventDate "2000.08.19"]
[EventType "swiss"]
[EventRounds "9"]
[EventCountry "GER"]
[SourceTitle "EXT 2010"]
[Source "ChessBase"]
[SourceDate "2010.11.25"]
[SourceVersion "1"]
[SourceVersionDate "2010.11.25"]
[SourceQuality "1"]

1. d4 d5 2. c4 e6 3. Nc3 c6 4. e3 Nf6 5. b3 Bd6 6. Bb2 0-0 7. Nf3 Nbd7 8. Bd3 e5 9. cxd5 cxd5 10. dxe5 Nxe5 11. Be2 Bc7 12. 0-0 a6 13. Nxd5 Nxd5 14. Nxe5 Re8 15. Nf3 Be6 16. Rc1 Qe7 17. Qd4 f6 18. Qh4 Bf7 19. Bd3 Bg6 20. Bxg6 hxg6 21. Rfd1 Rad8 22. Qc4 Qf7 23. g3 Bb6 24. Bd4 Bc7 25. Bc5 b5 26. Qc2 g5 27. e4 Nf4 28. Rxd8 Rxd8 29. Be3 Ne6 30. Rd1 Rxd1+ 31. Qxd1 Qe7 32. h4 gxh4 33. Nxh4 Qd6 34. Qg4 Qe5 35. Kg2 Ng5 36. Bxg5 fxg5 37. Nf3 1-0

[Event "Pyramiden Franken Cup 3rd"]
[Site "Fuerth"]
[Date "2000.08.21"]
[Round "3"]
[White "Gerstner, Wolfgang"]
[Black "Zickelbein, Eva Maria"]
[Result "1-0"]
[WhiteElo "2321"]
[BlackElo "2007"]
[PlyCount "61"]
[EventDate "2000.08.19"]
[EventType "swiss"]
[EventRounds "9"]
[EventCountry "GER"]
[SourceTitle "EXT 2010"]
[Source "ChessBase"]
[SourceDate "2010.11.25"]
[SourceVersion "1"]
[SourceVersionDate "2010.11.25"]
[SourceQuality "1"]

1. d4 d6 2. e4 Nf6 3. Nc3 e5 4. dxe5 dxe5 5. Qxd8+ Kxd8 6. Bc4 Be6 7. Bxe6 fxe6 8. f3 a6 9. Be3 Bd6 10. Nh3 Ke7 11. Nf2 Nbd7 12. Ke2 Rhf8 13. Rhd1 b6 14. Nd3 Nb8 15. Na4 Nfd7 16. b4 Nc6 17. c3 Rfb8 18. Nab2 b5 19. a4 bxa4 20. Rxa4 a5 21. Rda1 Nb6 22. R4a2 axb4 23. c4 Rxa2 24. Rxa2 b3 25. Ra1 Bb4 26. Nxb4 Nxb4 27. Bc5+ Kd7 28. Bxb4 Nxc4 29. Nxc4 Rxb4 30. Kd3 Kc6 31. Kc3 1-0

[Event "Pyramiden Franken Cup 3rd"]
[Site "Fuerth"]
[Date "2000.08.19"]
[Round "1"]
[White "Gerstner, Wolfgang"]
[Black "Schwingeler, Wolfgang"]
[Result "1-0"]
[WhiteElo "2321"]
[BlackElo "1886"]
[PlyCount "77"]
[EventDate "2000.08.19"]
[EventType "swiss"]
[EventRounds "9"]
[EventCountry "GER"]
[SourceTitle "EXT 2010"]
[Source "ChessBase"]
[SourceDate "2010.11.25"]
[SourceVersion "1"]
[SourceVersionDate "2010.11.25"]
[SourceQuality "1"]

1. d4 e6 2. c4 Nf6 3. Nf3 Bb4+ 4. Bd2 a5 5. a3 Bxd2+ 6. Qxd2 b6 7. Nc3 Bb7 8. Qc2 d6 9. e4 Nbd7 10. Be2 0-0 11. 0-0 Re8 12. b4 e5 13. d5 Nf8 14. c5 Re7 15. Nd2 Ng6 16. Rfb1 Bc8 17. bxa5 bxc5 18. Qa4 Nf4 19. Bf1 Nd7 20. g3 Ng6 21. a6 Nb6 22. Qa5 f5 23. Na4 Nxa4 24. Qxa4 Rf7 25. a7 Bd7 26. Bb5 Nf8 27. Bc6 Bxc6 28. dxc6 Ne6 29. Rb7 Qf6 30. Rb8+ Rf8 31. Rxa8 Rxa8 32. Rb1 h5 33. Rb8+ Kh7 34. Rxa8 f4 35. Qd1 Qg6 36. Rb8 Ng5 37. a8Q Nf7 38. Qb3 h4 39. Rh8+ 1-0

[Event "BL2-Sued 9900"]
[Site "Germany"]
[Date "2000.04.09"]
[Round "9.3"]
[White "Heidenfeld, Mark"]
[Black "Gerstner, Wolfgang"]
[Result "1/2-1/2"]
[WhiteElo "2368"]
[BlackElo "2400"]
[PlyCount "121"]
[EventDate "1999.10.10"]
[EventType "team-tourn"]
[EventRounds "9"]
[EventCountry "GER"]
[SourceTitle "CBM 075 Extra"]
[Source "ChessBase"]
[SourceDate "2000.05.11"]
[SourceVersion "2"]
[SourceVersionDate "2000.05.11"]
[SourceQuality "1"]
[WhiteTeam "Ulm"]
[BlackTeam "Karlsruhe"]
[WhiteTeamCountry "GER"]
[BlackTeamCountry "GER"]

1. e4 c5 2. Nf3 e6 3. Nc3 a6 4. g3 b5 5. Bg2 Bb7 6. d3 d6 7. 0-0 Be7 8. Re1 Nf6 9. e5 dxe5 10. Nxe5 Bxg2 11. Kxg2 0-0 12. Qf3 Ra7 13. a4 b4 14. Ne4 Nfd7 15. Nc4 Nc6 16. Bf4 Nd4 17. Qd1 Nb6 18. Nxb6 Qxb6 19. Be5 b3 20. Bxd4 cxd4 21. Rc1 Rb7 22. Re2 Qc6 23. cxb3 Qd5 24. Kg1 Rxb3 25. Rc7 Rb7 26. Rec2 f5 27. Rxb7 Qxb7 28. Nd2 e5 29. Qf3 Qxf3 30. Nxf3 Bf6 31. Re2 e4 32. dxe4 d3 33. Re1 fxe4 34. Nd2 Bxb2 35. Nxe4 Rd8 36. Rd1 Ba3 37. f3 Rd4 38. Kf2 h6 39. h4 Rxa4 40. Rxd3 Be7 41. Rd7 Kf7 42. Nc3 Rc4 43. Nd5 Ke6 44. Rxe7+ Kxd5 45. Rxg7 a5 46. g4 a4 47. Ra7 Kc6 48. Ra6+ Kb5 49. Rxh6 Rc6 50. Rh8 a3 51. Re8 a2 52. Re1 Ra6 53. Ra1 Kc4 54. h5 Kd5 55. Kg3 Ke5 56. f4+ Kf6 57. g5+ Kg7 58. Kh4 Ra4 59. h6+ Kg6 60. Kg4 Ra5 61. Kh4 1/2-1/2

[Event "BL2-Sued 9900"]
[Site "Germany"]
[Date "2000.02.20"]
[Round "6.3"]
[White "Gerstner, Wolfgang"]
[Black "Acs, Peter"]
[Result "0-1"]
[WhiteElo "2400"]
[BlackElo "2525"]
[PlyCount "138"]
[EventDate "1999.10.10"]
[EventType "team-tourn"]
[EventRounds "9"]
[EventCountry "GER"]
[SourceTitle "CBM 075 Extra"]
[Source "ChessBase"]
[SourceDate "2000.05.11"]
[SourceVersion "2"]
[SourceVersionDate "2000.05.11"]
[SourceQuality "1"]
[WhiteTeam "Karlsruhe"]
[BlackTeam "Eppingen"]
[WhiteTeamCountry "GER"]
[BlackTeamCountry "GER"]

1. d4 Nf6 2. Bg5 c5 3. Bxf6 gxf6 4. d5 Qb6 5. Qc1 f5 6. c4 Bg7 7. Nc3 d6 8. e3 Nd7 9. Qc2 Nf6 10. Nf3 Ne4 11. Rc1 Nxc3 12. bxc3 e6 13. Bd3 Qd8 14. 0-0 0-0 15. Rfe1 b6 16. e4 Bb7 17. exf5 exd5 18. cxd5 Bxd5 19. f6 Qxf6 20. Bxh7+ Kh8 21. Be4 Bxe4 22. Qxe4 Qg6 23. Qxg6 fxg6 24. c4 Rae8 25. Kf1 Kg8 26. Rcd1 Rxe1+ 27. Kxe1 Rd8 28. Rd3 Bf6 29. Kd2 Kf7 30. Rd5 Ke7 31. h4 a6 32. a4 b5 33. axb5 axb5 34. cxb5 Rb8 35. Rd3 Rxb5 36. Ke3 Ke6 37. Ra3 Rb6 38. g4 Rb4 39. g5 Bb2 40. Ra8 d5 41. Rc8 Re4+ 42. Kd2 c4 43. Rc6+ Kf5 44. Rc5 Rf4 45. Ke2 Re4+ 46. Kd1 Kf4 47. Nd2 Rd4 48. Kc2 Ba3 49. Rc6 Bb4 50. Nb1 Ke5 51. Rxg6 Rxh4 52. Nd2 Rf4 53. f3 Bxd2 54. Kxd2 Rxf3 55. Rg8 Kd4 56. g6 c3+ 57. Kc2 Rf2+ 58. Kb1 Rf1+ 59. Kc2 Rf2+ 60. Kb1 Rg2 61. g7 Kd3 62. Rd8 Rg1+ 63. Ka2 Rxg7 64. Rxd5+ Kc2 65. Ra5 Rc7 66. Ra8 Kc1 67. Rh8 c2 68. Rh2 Ra7+ 69. Kb3 Kb1 0-1

[Event "Ubeda op 5th"]
[Site "Ubeda"]
[Date "2000.01.27"]
[Round "9"]
[White "Gerstner, Wolfgang"]
[Black "Rashkovsky, Nukhim N"]
[Result "0-1"]
[WhiteElo "2402"]
[BlackElo "2523"]
[PlyCount "124"]
[EventDate "2000.01.19"]
[EventType "swiss"]
[EventRounds "10"]
[EventCountry "ESP"]
[SourceTitle "CBM 075"]
[Source "ChessBase"]
[SourceDate "2000.04.05"]
[SourceVersion "1"]
[SourceVersionDate "2000.04.05"]
[SourceQuality "1"]

1. d4 c5 2. d5 e5 3. e4 d6 4. Bb5+ Nd7 5. a4 Ngf6 6. Nc3 Be7 7. Nf3 0-0 8. 0-0 Ne8 9. Qe2 g6 10. Bh6 Ng7 11. a5 a6 12. Bxd7 Bxd7 13. Nd2 f5 14. Nc4 f4 15. f3 Rf7 16. Nb6 Rb8 17. Nxd7 Qxd7 18. Bxg7 Rxg7 19. Rfb1 h5 20. Ra3 g5 21. Na4 Bd8 22. Kh1 g4 23. Rf1 Bc7 24. c3 Kh8 25. b4 cxb4 26. cxb4 Rbg8 27. Rc1 Bd8 28. Nb6 Bxb6 29. axb6 Qd8 30. fxg4 hxg4 31. g3 Qxb6 32. gxf4 exf4 33. e5 Qxb4 34. Rac3 Qd4 35. exd6 Qxd5+ 36. Kg1 Qxd6 37. Rc5 Qd4+ 38. Kh1 Rh7 39. R1c4 f3 40. Qf1 Qb2 41. Rc2 Qf6 42. Rc8 Rhg7 43. Qd3 Rxc8 44. Rxc8+ Rg8 45. Rxg8+ Kxg8 46. Qc4+ Kh7 47. Qe4+ Kh6 48. Qe3+ Kg7 49. Kg1 Qb2 50. Qe7+ Kg6 51. Qe6+ Kg5 52. Qd5+ Kf4 53. Qc4+ Ke5 54. Qc7+ Ke4 55. Qh7+ Ke3 56. Qh6+ Ke2 57. Qe6+ Kd3 58. Qf5+ Kc3 59. Qc8+ Kd2 60. Qd7+ Ke1 61. Qe7+ Kd1 62. Qd7+ Qd2 0-1

[Event "Ubeda op 5th"]
[Site "Ubeda"]
[Date "2000.01.26"]
[Round "8"]
[White "Aronian, Levon"]
[Black "Gerstner, Wolfgang"]
[Result "1-0"]
[WhiteElo "2587"]
[BlackElo "2402"]
[PlyCount "47"]
[EventDate "2000.01.19"]
[EventType "swiss"]
[EventRounds "10"]
[EventCountry "ESP"]
[SourceTitle "CBM 075"]
[Source "ChessBase"]
[SourceDate "2000.04.05"]
[SourceVersion "1"]
[SourceVersionDate "2000.04.05"]
[SourceQuality "1"]

1. Nf3 d5 2. g3 Nf6 3. Bg2 Bf5 4. c4 c6 5. cxd5 cxd5 6. Qb3 Qc8 7. Nc3 e6 8. d3 Be7 9. Bf4 0-0 10. Rc1 Nc6 11. 0-0 Qd7 12. h3 Rac8 13. e4 Bg6 14. exd5 exd5 15. d4 Na5 16. Qd1 Nc4 17. Ne5 Qf5 18. Qb3 b6 19. Rfe1 Rfe8 20. Ng4 Na5 21. Qb5 Kf8 22. Nxf6 Qxf6 23. Nxd5 Rxc1 24. Qxe8+ 1-0